| 000 | 00624nam a22001817a 4500 | ||
|---|---|---|---|
| 005 | 20251108164933.0 | ||
| 008 | 250721s1988 xx 000 0 ara d | ||
| 082 | 1 | 4 | _a213.2/خطا |
| 100 | 1 | _aالخطابي، أحمد بن محمد بن إبراهيم | |
| 245 | 1 | 0 | _aإصلاح الغلط أو إصلاح غلط المحدثين / |
| 264 | 1 |
_aالقاهرة : _bمكتبة القرآن للنشر و التوزيع، _c1988. |
|
| 300 | _a96ص | ||
| 650 | 1 | 7 | _aالإسلام |
| 650 | 1 | 7 | _aالحديث الشريف |
| 700 | 1 |
_aإبراهيم، مجدي السيد _eتحقيق |
|
| 942 |
_2ddc _cBK |
||
| 999 |
_c17890 _d17890 |
||